000 00579nam a2200217 i 4500
001 C2-0168434
003 PPAK
005 20180728090906.0
008 980718s1989 ne a|||| ||||| | eng d
020 _a0705409902
040 _aPPAK
_beng
_cPPAK
_erda
082 0 4 _a909
_2 23
090 0 0 _a909
_bSHA
_dR
245 0 0 _aShadow of the dictators
264 1 _aAmsterdam :
_bTime-Life Books ,
_c1989
300 _a176 pages :
_bcolour illustrations ;
_c28 cm
336 _2rdacontent
_atext
337 _2rdamedia
_aunmediated
338 _2rdacarrier
_avolume
942 _ddc
_cB
999 _c152583
_d152583